[Event "Maresme op 16th"]
[Site "Maresme"]
[Date "2019.11.16"]
[Round "6"]
[White "Pacheco Jimenez, Jose Ramon"]
[Black "Navarro Palomas, Mario"]
[Result "0-1"]
[WhiteElo "1666"]
[BlackElo "1811"]
[PlyCount "98"]
[EventDate "2019.09.29"]
[EventType "swiss"]
[EventRounds "8"]
[EventCountry "ESP"]
[SourceTitle "CBM 193 Extra"]
[Source "ChessBase"]
[SourceDate "2020.01.31"]
[SourceVersion "1"]
[SourceVersionDate "2020.01.31"]
[SourceQuality "1"]

1. d4 Nf6 2. Nf3 e6 3. c3 c5 4. h3 b6 5. Bf4 Bb7 6. Nbd2 cxd4 7. cxd4 Be7 8. Rc1 0-0 9. e3 d6 10. Be2 Re8 11. 0-0 Nbd7 12. a3 h6 13. b4 Rc8 14. Qb3 Bf8 15. Qb2 a6 16. Rxc8 Qxc8 17. Rc1 Qa8 18. Nc4 Ne4 19. Ne1 d5 20. Ne5 Nxe5 21. Bxe5 Rc8 22. Bc7 Qa7 23. Rc2 a5 24. b5 Nd6 25. Bxd6 Bxd6 26. Rxc8+ Bxc8 27. a4 Qe7 28. Nf3 f6 29. Qc2 Bd7 30. Nh4 g5 31. Ng6 Qg7 32. Bh5 Be8 33. Qc8 Qd7 34. Qc2 Kg7 35. f4 Qc7 36. Qb1 f5 37. fxg5 Bxg6 38. gxh6+ Kxh6 39. Bxg6 Kxg6 40. g4 Qc3 41. gxf5+ exf5 42. Kf2 Qd2+ 43. Kf3 Qh2 44. Qf1 Qg3+ 45. Ke2 f4 46. exf4 Bxf4 47. Qb1+ Kg7 48. Qf5 Qe3+ 49. Kf1 Qf3+ 0-1

[Event "Maresme op 15th"]
[Site "Maresme"]
[Date "2018.11.17"]
[Round "7"]
[White "Pacheco Jimenez, Jose Ramon"]
[Black "Gracia Vila, Frederic"]
[Result "1-0"]
[WhiteElo "1690"]
[BlackElo "1561"]
[PlyCount "101"]
[EventDate "2018.09.29"]
[EventType "swiss"]
[EventRounds "9"]
[EventCountry "ESP"]
[SourceTitle "EXT 2024"]
[Source "ChessBase"]
[SourceDate "2023.10.10"]
[SourceVersion "1"]
[SourceVersionDate "2023.10.10"]
[SourceQuality "1"]

1. d4 Nf6 2. Nf3 g6 3. c3 Bg7 4. h3 0-0 5. Bf4 d6 6. e3 Nbd7 7. Be2 c5 8. Nbd2 a6 9. Rc1 b5 10. 0-0 Bb7 11. a3 Qb6 12. b4 c4 13. a4 Ne4 14. a5 Qc7 15. Qc2 Nxd2 16. Nxd2 Bc6 17. Rcd1 Qb7 18. Bf3 Nf6 19. Rfe1 Bxf3 20. Nxf3 Ne4 21. Nd2 Nxd2 22. Rxd2 Rad8 23. e4 d5 24. e5 e6 25. Re3 h6 26. Rg3 g5 27. Be3 f5 28. exf6 Rxf6 29. Re2 Bf8 30. f4 Qf7 31. Rf2 Qg6 32. Qxg6+ Rxg6 33. fxg5 Bd6 34. Bf4 Bxf4 35. Rxf4 hxg5 36. Rfg4 Kf7 37. Rxg5 Rxg5 38. Rxg5 Kf6 39. h4 Re8 40. Kf2 e5 41. Rxe5 Rxe5 42. dxe5+ Kxe5 43. Ke3 d4+ 44. cxd4+ Kd5 45. g4 c3 46. Kd3 c2 47. Kxc2 Kc4 48. g5 Kxb4 49. g6 Kxa5 50. Kb3 Kb6 51. g7 1-0

[Event "Maresme op 14th"]
[Site "Maresme"]
[Date "2017.11.04"]
[Round "5"]
[White "Garcia Gonzalez, Juan"]
[Black "Pacheco Jimenez, Jose Ramon"]
[Result "1/2-1/2"]
[WhiteElo "1724"]
[BlackElo "1710"]
[PlyCount "74"]
[EventDate "2017.09.30"]
[EventType "swiss"]
[EventRounds "9"]
[EventCountry "ESP"]
[SourceTitle "CBM 181 Extra"]
[Source "ChessBase"]
[SourceDate "2017.12.12"]
[SourceVersion "1"]
[SourceVersionDate "2017.12.12"]
[SourceQuality "1"]

1. c4 e5 2. Nc3 d6 3. d4 exd4 4. Qxd4 Nf6 5. g3 Nc6 6. Qd2 Bd7 7. Bg2 Be7 8. Nf3 h6 9. b3 a6 10. Bb2 Bf5 11. Nd4 Nxd4 12. Qxd4 c6 13. 0-0 0-0 14. e4 Be6 15. Rfd1 Nh7 16. Nd5 Bf6 17. Nxf6+ Nxf6 18. Qxd6 Qxd6 19. Rxd6 Nh7 20. Rad1 Rfe8 21. h4 a5 22. f4 f5 23. e5 a4 24. Bf1 axb3 25. axb3 Ra2 26. Rd8 Rxd8 27. Rxd8+ Kf7 28. Rd2 Nf8 29. Bc3 Ra3 30. Rb2 Nd7 31. Bb4 Ra1 32. Kf2 c5 33. Bd2 b6 34. b4 Ra4 35. Be2 g6 36. Bd1 Ra1 37. Be2 Ra4 1/2-1/2

[Event "Maresme op 14th"]
[Site "Maresme"]
[Date "2017.09.30"]
[Round "1"]
[White "Ventura Vives, Pere"]
[Black "Pacheco Jimenez, Jose Ramon"]
[Result "0-1"]
[WhiteElo "1343"]
[BlackElo "1710"]
[PlyCount "100"]
[EventDate "2017.09.30"]
[EventType "swiss"]
[EventRounds "9"]
[EventCountry "ESP"]
[SourceTitle "CBM 181 Extra"]
[Source "ChessBase"]
[SourceDate "2017.12.12"]
[SourceVersion "1"]
[SourceVersionDate "2017.12.12"]
[SourceQuality "1"]

1. d4 d5 2. c4 c6 3. Nc3 Nf6 4. e3 Nbd7 5. Nf3 e6 6. cxd5 cxd5 7. Bb5 a6 8. Bd3 Bb4 9. Bd2 0-0 10. 0-0 h6 11. a3 Bxc3 12. Bxc3 b5 13. b4 Bb7 14. h3 Rc8 15. Rc1 Qb6 16. Re1 Rc7 17. Ne5 Rfc8 18. Bb2 Rxc1 19. Bxc1 Nxe5 20. dxe5 Nd7 21. f4 Rc6 22. Bd2 f5 23. Qh5 Qd8 24. Rc1 Rxc1+ 25. Bxc1 Nf8 26. Be2 d4 27. Bf3 d3 28. Bd2 Bd5 29. Bxd5 Qxd5 30. Qf3 Qa2 31. Qd1 Qxa3 32. g4 Qa4 33. Qxa4 bxa4 34. gxf5 a3 35. Kf1 exf5 36. Bc3 Kf7 37. Ke1 Ke6 38. Kd2 Kd5 39. Kxd3 g6 40. h4 h5 41. Kc2 Kc4 42. Bd4 Kxb4 43. Kb1 Kb3 44. Bc5 Ne6 45. Bd4 a5 46. Bb6 a2+ 47. Ka1 a4 48. Bd4 Nc7 49. Bb6 Nb5 50. e6 Na3 0-1

[Event "Mataro Maresme op-A 13th"]
[Site "Mataro"]
[Date "2016.11.12"]
[Round "6"]
[White "Maza Navarro, Llorens"]
[Black "Pacheco Jimenez, Jose Ramon"]
[Result "0-1"]
[WhiteElo "1551"]
[BlackElo "1738"]
[PlyCount "66"]
[EventDate "2016.10.08"]
[EventType "swiss"]
[EventRounds "9"]
[EventCountry "ESP"]
[SourceTitle "EXT 2018"]
[Source "ChessBase"]
[SourceDate "2017.10.13"]
[SourceVersion "1"]
[SourceVersionDate "2017.10.13"]
[SourceQuality "1"]

1. d4 d5 2. Nf3 Nf6 3. Bf4 Bf5 4. h3 Nbd7 5. e3 h6 6. Be2 e6 7. Nc3 Bb4 8. Bd3 Bxc3+ 9. bxc3 Bxd3 10. cxd3 c6 11. Rb1 b5 12. Qd2 0-0 13. Ne5 Nxe5 14. dxe5 Nd7 15. d4 Nb6 16. Qe2 Nc4 17. 0-0 f5 18. exf6 Rxf6 19. Bg3 Qd7 20. Ra1 Raf8 21. e4 a6 22. e5 Rf5 23. Bh2 Qf7 24. g4 Rf3 25. Bg3 Rxc3 26. f3 Rxf3 27. Kg2 Ne3+ 28. Kg1 Rxg3+ 29. Kh2 Nxf1+ 30. Rxf1 Rxh3+ 31. Kg2 Qxf1+ 32. Qxf1 Rxf1 33. Kxh3 Rd1 0-1

[Event "Mataro Maresme op-A 13th"]
[Site "Mataro"]
[Date "2016.11.05"]
[Round "5"]
[White "Pacheco Jimenez, Jose Ramon"]
[Black "Santos Ramos, Carlos"]
[Result "0-1"]
[WhiteElo "1738"]
[BlackElo "1824"]
[PlyCount "70"]
[EventDate "2016.10.08"]
[EventType "swiss"]
[EventRounds "9"]
[EventCountry "ESP"]
[SourceTitle "EXT 2018"]
[Source "ChessBase"]
[SourceDate "2017.10.13"]
[SourceVersion "1"]
[SourceVersionDate "2017.10.13"]
[SourceQuality "1"]

1. d4 Nf6 2. Nf3 g6 3. h3 Bg7 4. Bf4 0-0 5. e3 b6 6. Be2 Bb7 7. Nbd2 d6 8. c3 Nbd7 9. 0-0 Nh5 10. Bh2 e5 11. dxe5 dxe5 12. a3 e4 13. Nd4 c5 14. Nf5 gxf5 15. Bxh5 Ne5 16. Bxe5 Bxe5 17. Qc2 Qg5 18. Be2 Kh8 19. f4 exf3 20. Bxf3 Qxe3+ 21. Kh1 Qf4 22. Kg1 Qh2+ 23. Kf2 Bg3+ 24. Ke2 Bxf3+ 25. Kxf3 Bh4 26. Qxf5 Qg3+ 27. Ke4 Rfe8+ 28. Kd5 Rad8+ 29. Kc4 Rxd2 30. Rf4 Qxg2 31. Re1 Rxe1 32. Qc8+ Bd8 33. Kb5 Qe2+ 34. c4 Qe8+ 35. Ka6 Qa4+ 0-1

[Event "Mataro Maresme op-A 13th"]
[Site "Mataro"]
[Date "2016.10.15"]
[Round "2"]
[White "Pacheco Jimenez, Jose Ramon"]
[Black "Busom Isach, Carlos"]
[Result "0-1"]
[WhiteElo "1738"]
[BlackElo "2164"]
[PlyCount "140"]
[EventDate "2016.10.08"]
[EventType "swiss"]
[EventRounds "9"]
[EventCountry "ESP"]
[SourceTitle "EXT 2018"]
[Source "ChessBase"]
[SourceDate "2017.10.13"]
[SourceVersion "1"]
[SourceVersionDate "2017.10.13"]
[SourceQuality "1"]

1. d4 Nf6 2. Nf3 g6 3. h3 Bg7 4. c3 0-0 5. Bf4 d6 6. Nbd2 Nc6 7. e3 Nd7 8. Bc4 e5 9. dxe5 dxe5 10. Bg5 Qe8 11. 0-0 Kh8 12. a3 f5 13. Bh4 h6 14. Bg3 g5 15. b4 a6 16. Rc1 Nb6 17. Bb3 Be6 18. Qc2 Rd8 19. Rcd1 Qf7 20. Bxe6 Qxe6 21. c4 e4 22. Bxc7 exf3 23. Bxd8 Rxd8 24. Nxf3 Rxd1 25. Rxd1 Nxc4 26. Nd4 Nxd4 27. exd4 Bxd4 28. Qd3 Bf6 29. Qf3 Nd6 30. a4 Ne4 31. Rd3 Kg7 32. Qe3 Qc6 33. a5 Kg6 34. f3 Nc3 35. Qd2 Qc4 36. g4 Qxb4 37. gxf5+ Kxf5 38. Qc2 Qb1+ 39. Qxb1 Nxb1 40. Rb3 Nd2 41. Rxb7 Nc4 42. Kg2 Bd4 43. Rb4 Ne3+ 44. Kg3 Ke5 45. Rb8 h5 46. Ra8 h4+ 47. Kh2 Nc4 48. Rxa6 Kf4 49. Rg6 Nxa5 50. Kg2 Nc4 51. Rg8 Ne3+ 52. Kh2 Nf5 53. Rf8 Bf2 54. Kg2 Bg3 55. Rf6 Ke5 56. Rf7 Ne3+ 57. Kg1 Kd4 58. Rd7+ Kc3 59. Rd8 Kc4 60. Rd7 Nd5 61. Rg7 Nf4 62. Rc7+ Kd4 63. Rg7 Ke3 64. Kf1 Nxh3 65. Kg2 Nf4+ 66. Kf1 h3 67. Rxg5 h2 68. Rh5 Nxh5 69. Kg2 Nf4+ 70. Kh1 Nd3 0-1

[Event "Maresme op 9th"]
[Site "Maresme"]
[Date "2012.10.27"]
[Round "5"]
[White "Pacheco Jimenez, Jose Ramon"]
[Black "Franch Guiral, Ramon"]
[Result "0-1"]
[WhiteElo "1878"]
[BlackElo "2083"]
[PlyCount "80"]
[EventDate "2012.09.29"]
[EventType "swiss"]
[EventRounds "9"]
[EventCountry "ESP"]
[SourceTitle "EXT 2014"]
[Source "ChessBase"]
[SourceDate "2013.11.20"]
[SourceVersion "1"]
[SourceVersionDate "2013.11.20"]
[SourceQuality "1"]

1. d4 Nf6 2. Nf3 d6 3. h3 g6 4. Bf4 Bg7 5. e3 0-0 6. Be2 c5 7. c3 Qb6 8. b3 Nc6 9. 0-0 Bf5 10. Bg3 Ne4 11. Bh2 Qa5 12. Qc1 Rac8 13. Nfd2 cxd4 14. Nxe4 Bxe4 15. Nd2 Bf5 16. b4 Qd8 17. e4 dxc3 18. exf5 cxd2 19. Qxd2 Bxa1 20. Rxa1 Qb6 21. fxg6 hxg6 22. Bg4 Rcd8 23. a3 Qd4 24. Qe1 Qg7 25. Bf3 Nd4 26. Be4 b6 27. Rd1 e5 28. a4 d5 29. Bb1 Rfe8 30. Bg3 f5 31. Bh4 g5 32. Bg3 f4 33. Bh2 g4 34. hxg4 Qxg4 35. Rd3 Rc8 36. Rh3 Rc1 37. Qxc1 Ne2+ 38. Kf1 Nxc1 39. f3 Qc8 40. Bg6 Qc4+ 0-1

[Event "Maresme op 8th"]
[Site "Maresme"]
[Date "2011.10.15"]
[Round "4"]
[White "Maynat Anglas, Josep"]
[Black "Pacheco Jimenez, Jose Ramon"]
[Result "1/2-1/2"]
[WhiteElo "1843"]
[BlackElo "1757"]
[PlyCount "65"]
[EventDate "2011.09.24"]
[EventType "swiss"]
[EventRounds "9"]
[EventCountry "ESP"]
[SourceTitle "EXT 2013"]
[Source "ChessBase"]
[SourceDate "2012.11.22"]
[SourceVersion "1"]
[SourceVersionDate "2012.11.22"]
[SourceQuality "1"]

1. e4 e5 2. Nf3 d6 3. c3 Nf6 4. Qc2 Be7 5. Be2 h6 6. h3 Be6 7. d4 exd4 8. cxd4 c6 9. 0-0 0-0 10. Be3 a6 11. Rd1 Nh7 12. Nbd2 Bg5 13. Nxg5 Nxg5 14. Bxg5 Qxg5 15. Nf3 Qg6 16. Kh2 f5 17. exf5 Qxf5 18. Qxf5 Bxf5 19. Bd3 Nd7 20. Bxf5 Rxf5 21. Re1 Kf7 22. Re2 Re8 23. Rae1 Rxe2 24. Rxe2 Nf6 25. Re3 Rb5 26. b3 g5 27. Nd2 Rf5 28. Kg1 Nd5 29. Nc4 Rf6 30. Re2 b6 31. g3 Re6 32. Rxe6 Kxe6 33. Ne3 1/2-1/2

[Event "Maresme op 8th"]
[Site "Maresme"]
[Date "2011.10.08"]
[Round "3"]
[White "Pacheco Jimenez, Jose Ramon"]
[Black "Minguell Soler, Joan"]
[Result "1/2-1/2"]
[WhiteElo "1757"]
[BlackElo "1771"]
[PlyCount "129"]
[EventDate "2011.09.24"]
[EventType "swiss"]
[EventRounds "9"]
[EventCountry "ESP"]
[SourceTitle "EXT 2013"]
[Source "ChessBase"]
[SourceDate "2012.11.22"]
[SourceVersion "1"]
[SourceVersionDate "2012.11.22"]
[SourceQuality "1"]

1. d4 Nf6 2. Nf3 g6 3. h3 Bg7 4. Bf4 c6 5. e3 d5 6. Nbd2 Nbd7 7. c3 0-0 8. Be2 Re8 9. a3 Nb6 10. b4 Bf5 11. 0-0 h6 12. c4 g5 13. Bg3 dxc4 14. Bxc4 Nxc4 15. Nxc4 Nd5 16. Rc1 f6 17. Nh2 Qd7 18. Re1 Bg6 19. f4 Red8 20. fxg5 hxg5 21. Ng4 Kh8 22. Nf2 Rac8 23. Qf3 Nc7 24. Bxc7 Rxc7 25. e4 Rdc8 26. Rcd1 Bf7 27. Ne5 Qe8 28. Nxf7+ Qxf7 29. e5 Qg6 30. exf6 exf6 31. Re6 Re8 32. Rde1 Rxe6 33. Rxe6 Qf7 34. Qf5 Re7 35. Rd6 Re1+ 36. Kh2 Qc7 37. Qd7 Re7 38. Qxc7 Rxc7 39. Ne4 Rf7 40. Kg3 Kh7 41. a4 Kg6 42. Kf3 Bf8 43. Rd8 Bxb4 44. g4 Rh7 45. Kg3 Ba5 46. Rf8 Rf7 47. Rg8+ Kh7 48. Re8 Bb6 49. Re6 Kg7 50. Nd6 Bc7 51. Kf3 Bxd6 52. Rxd6 Re7 53. Rd8 Kf7 54. Rh8 Ke6 55. Ke4 f5+ 56. gxf5+ Kf6+ 57. Kf3 Kxf5 58. Rf8+ Kg6 59. Rg8+ Kf6 60. Rd8 b6 61. Rd6+ Re6 62. Rd7 a5 63. Rb7 Rd6 64. Rxb6 Rxd4 65. Rxc6+ 1/2-1/2

[Event "Maresme op 8th"]
[Site "Maresme"]
[Date "2011.09.24"]
[Round "1"]
[White "Pacheco Jimenez, Jose Ramon"]
[Black "Rosa Pernio, Mario"]
[Result "0-1"]
[WhiteElo "1757"]
[BlackElo "1957"]
[PlyCount "78"]
[EventDate "2011.09.24"]
[EventType "swiss"]
[EventRounds "9"]
[EventCountry "ESP"]
[SourceTitle "EXT 2013"]
[Source "ChessBase"]
[SourceDate "2012.11.22"]
[SourceVersion "1"]
[SourceVersionDate "2012.11.22"]
[SourceQuality "1"]

1. d4 Nf6 2. Nf3 e6 3. h3 b6 4. Bf4 Ba6 5. Nbd2 d5 6. c3 Be7 7. e3 Bxf1 8. Nxf1 0-0 9. N1d2 c5 10. 0-0 Nc6 11. a3 Qc8 12. b4 Rd8 13. Ne5 c4 14. b5 Na5 15. a4 Re8 16. Ra2 Qb7 17. Qf3 Rac8 18. Ng4 Nxg4 19. Qxg4 Bf6 20. Nf3 Qe7 21. Bg5 Bxg5 22. Nxg5 f6 23. Nf3 Nb7 24. e4 dxe4 25. Qxe4 Nd6 26. Qf4 Qc7 27. Re1 Nxb5 28. Qe3 Nd6 29. g4 Qf7 30. Qf4 Rcd8 31. Rae2 e5 32. dxe5 fxe5 33. Qxf7+ Nxf7 34. Nxe5 Nxe5 35. Rxe5 Rxe5 36. Rxe5 Rd1+ 37. Kg2 Ra1 38. Kf3 Rxa4 39. Rb5 Ra3 0-1